[Event "2. CLANSKA LIGA ZAHOD 2014"]
[Site "Ljubljana"]
[Date "2014.11.07"]
[Round "6.4"]
[White "Kljun, Anton"]
[Black "Kodela, Marko"]
[Result "0-1"]
[WhiteElo "1807"]
[BlackElo "1976"]
[PlyCount "98"]
[EventDate "2014.11.07"]
[WhiteTeam "SK LOSKA DOLINA"]
[BlackTeam "SD KC LJUBLJANA"]

1. e4 c5 2. d3 e6 3. g3 Nc6 4. Bg2 g6 5. Ne2 Bg7 6. c3 Nge7 7. O-O O-O 8. Be3
b6 9. d4 d6 10. Nd2 Ba6 11. Nf3 Qc7 12. Re1 Rad8 13. Qa4 Bb7 14. Rad1 a6 15.
Rd2 Na5 16. Qc2 Nc4 17. Rdd1 Nxe3 18. fxe3 h6 19. Nd2 g5 20. Qb3 d5 21. exd5
exd5 22. e4 dxe4 23. Nxe4 c4 24. Qc2 Nd5 25. Qd2 Rfe8 26. b3 f5 27. bxc4 fxe4
28. cxd5 Bxd5 29. Nc1 Rc8 30. Re3 Qc6 31. Rde1 Re7 32. Qe2 a5 33. Nb3 Qc4 34.
Qxc4 Rxc4 35. Nd2 Rxc3 36. R3e2 Bxd4+ 37. Kh1 Rc2 38. Bxe4 Bxe4+ 39. Rxe4 Rxe4
40. Nxe4 Rxa2 41. Nd6 Ra1 42. Rxa1 Bxa1 43. Nc4 Bd4 44. Kg2 Kf7 45. Kf3 Ke6 46.
Ke4 Bg1 47. h3 a4 48. g4 Bc5 49. Nd2 b5 0-1

[Event "2. CLANSKA LIGA ZAHOD 2014"]
[Site "Ljubljana"]
[Date "2014.11.07"]
[Round "6.5"]
[White "Gorsic, Jure"]
[Black "Stanic, Vitko"]
[Result "1-0"]
[WhiteElo "1825"]
[BlackElo "1794"]
[PlyCount "129"]
[EventDate "2014.11.07"]
[WhiteTeam "SD KC LJUBLJANA"]
[BlackTeam "SK LOSKA DOLINA"]

1. Nf3 Nf6 2. g3 d5 3. Bg2 Nbd7 4. d4 e6 5. O-O Bd6 6. c4 O-O 7. c5 Be7 8. Nc3
c6 9. b4 a6 10. a4 Ne4 11. Qd3 f5 12. h4 Nxc3 13. Qxc3 Nf6 14. Ne5 Bd7 15. Bg5
Be8 16. f3 Nh5 17. Bxe7 Qxe7 18. f4 Nf6 19. Kh2 h5 20. Bf3 Qc7 21. Rab1 Kh7 22.
Rb2 Kh6 23. Rfb1 Ra7 24. Qe3 Qc8 25. Nd3 Bd7 26. Qe5 Qb8 27. Qe3 Qc8 28. Nf2
Ra8 29. Rg1 g6 30. Nh3 Nh7 31. Ng5 Nxg5 32. hxg5+ Kh7 33. Kg2 Qc7 34. Rh1 Kg7
35. Qe5+ Qxe5 36. dxe5 Rh8 37. e3 Rh7 38. Be2 Rhh8 39. Kf2 Rhc8 40. Rhb1 Ra7
41. Ke1 Rc7 42. Kd2 Kf7 43. Kc3 Ra8 44. Kd4 Rac8 45. Rc2 Ke7 46. b5 cxb5 47.
axb5 axb5 48. Bxb5 Bc6 49. Bxc6 bxc6 50. Rcb2 Kd7 51. Rb7 Kd8 52. Kc3 Kd7 53.
R1b6 Ra8 54. Rb8 Ra3+ 55. Rb3 Ra1 56. Rg8 Rg1 57. Rg7+ Kc8 58. Rxg6 Rxg3 59.
Kd4 Rh7 60. Rxe6 Kd7 61. Rb7+ Kxe6 62. Rxh7 Rh3 63. Rh6+ Kd7 64. Rd6+ Kc7 65.
e6 1-0

[Event "2. CLANSKA LIGA ZAHOD 2014"]
[Site "Ljubljana"]
[Date "2014.11.07"]
[Round "6.6"]
[White "Bavec, Vinko"]
[Black "Pecnik, Primoz"]
[Result "1/2-1/2"]
[WhiteElo "1644"]
[BlackElo "1874"]
[PlyCount "92"]
[EventDate "2014.11.07"]
[WhiteTeam "SK LOSKA DOLINA"]
[BlackTeam "SD KC LJUBLJANA"]

1. d4 d5 2. Nf3 Nf6 3. g3 g6 4. Bg2 Bg7 5. O-O O-O 6. c3 Nbd7 7. Nbd2 Re8 8.
Nb3 Ne4 9. Nfd2 Nxd2 10. Nxd2 c6 11. e4 dxe4 12. Nxe4 Nb6 13. Ng5 e5 14. dxe5
Bxe5 15. Qb3 Be6 16. Nxe6 Rxe6 17. Be3 Qc7 18. Rad1 Rd8 19. Rxd8+ Qxd8 20. Rd1
Rd6 21. Rxd6 Bxd6 22. a4 Qc7 23. Bxb6 axb6 24. Qc2 Qe7 25. Qe4 Qf6 26. Qc2 h5
27. h4 Qe6 28. Qe4 Qb3 29. Qd3 Bc5 30. Qd8+ Kg7 31. Qd2 Qxa4 32. b4 Qa1+ 33.
Bf1 Be7 34. Kg2 Bf6 35. c4 Qe5 36. b5 {(=)} Qe4+ 37. Kg1 Qg4 38. Qe2 Qd7 39.
Kg2 Bd4 40. Qf3 Qe6 41. Qe2 Qd6 42. Qf3 f6 43. Bd3 Qe5 44. bxc6 bxc6 45. Qxc6
Qe7 46. Qe4 Qxe4+ 1/2-1/2

[Event "2. CLANSKA LIGA ZAHOD 2014"]
[Site "Ljubljana"]
[Date "2014.11.08"]
[Round "7.1"]
[White "Kodric, Vladimir"]
[Black "Krumpak, Hinko"]
[Result "0-1"]
[WhiteElo "1949"]
[BlackElo "2140"]
[PlyCount "68"]
[EventDate "2014.11.08"]
[WhiteTeam "SK LOSKA DOLINA"]
[BlackTeam "SK VISNJA GORA - STICNA"]

1. d4 c5 2. c3 cxd4 3. Qxd4 Nc6 4. Qa4 g6 5. Bf4 e5 6. Bg3 f5 7. e3 d5 8. Bxe5
Nf6 9. Nf3 Bd7 10. Qb3 Nxe5 11. Nxe5 Bc6 12. Bb5 Qc7 13. Nf3 Qb6 14. Nd4 Bxb5
15. Qxb5+ Qxb5 16. Nxb5 Kd7 17. Nd2 a6 18. Nd4 Rc8 19. O-O Bc5 20. N2f3 Rhe8
21. Rad1 b5 22. Ne2 Bd6 23. a3 Re4 24. Rd2 Rce8 25. Rfd1 f4 26. Nxf4 Bxf4 27.
exf4 Rxf4 28. Re1 Rxe1+ 29. Nxe1 Kd6 30. f3 Rc4 31. Kf2 Nd7 32. Nc2 Nb6 33. g3
a5 34. h4 h5 0-1

[Event "2. CLANSKA LIGA ZAHOD 2014"]
[Site "Ljubljana"]
[Date "2014.11.08"]
[Round "7.2"]
[White "Sotirov, Pavle"]
[Black "Trivuncevic, Bosko"]
[Result "0-1"]
[WhiteElo "1867"]
[BlackElo "1976"]
[PlyCount "112"]
[EventDate "2014.11.08"]
[WhiteTeam "SK VISNJA GORA - STICNA"]
[BlackTeam "SK LOSKA DOLINA"]

1. d4 Nc6 2. Nf3 d6 3. e4 Nf6 4. Bd3 Bg4 5. c3 e5 6. d5 Ne7 7. h3 Bd7 8. c4 Ng6
9. Nc3 Be7 10. Ne2 O-O 11. Be3 a5 12. Qc1 b6 13. Ng3 Nxe4 14. Bxe4 f5 15. Bxf5
Bxf5 16. Nxf5 Rxf5 17. Qc2 Rf7 18. O-O-O Qd7 19. a4 Raf8 20. b3 Nf4 21. h4 Nxg2
22. Ng5 Bxg5 23. hxg5 Qf5 24. Rhg1 Qxc2+ 25. Kxc2 Nxe3+ 26. fxe3 Rf2+ 27. Rd2
g6 28. Rg2 Rxd2+ 29. Kxd2 Kg7 30. Ke2 Rf5 31. Rg1 h6 32. gxh6+ Kxh6 33. Rh1+
Kg7 34. Rg1 Kf6 35. Rh1 Kg7 36. Rg1 Rh5 37. Rg2 g5 38. Kf3 Kg6 39. Rg3 Rh2 40.
e4 Kh5 41. Rg1 Rh3+ 42. Kf2 g4 43. Kg2 Kh4 44. Rf1 Rg3+ 45. Kh2 Rf3 46. Rb1 g3+
47. Kg2 Rf2+ 48. Kg1 Kh3 49. b4 axb4 50. Rxb4 Ra2 51. Rb1 Rxa4 52. Rc1 Ra2 53.
c5 bxc5 54. Kh1 c4 55. Kg1 c3 56. Kf1 Kh2 0-1

[Event "2. CLANSKA LIGA ZAHOD 2014"]
[Site "Ljubljana"]
[Date "2014.11.08"]
[Round "7.3"]
[White "Drobnic, Milan"]
[Black "Perovsek, Milan"]
[Result "1/2-1/2"]
[WhiteElo "1856"]
[BlackElo "1812"]
[PlyCount "105"]
[EventDate "2014.11.08"]
[WhiteTeam "SK LOSKA DOLINA"]
[BlackTeam "SK VISNJA GORA - STICNA"]

1. c4 d5 2. cxd5 Qxd5 3. Nc3 Qa5 4. g3 Nf6 5. Bg2 c6 6. Nf3 Bf5 7. O-O h6 8. d3
Nbd7 9. Rb1 e5 10. Bd2 Qc7 11. b4 Be7 12. b5 c5 13. Rc1 O-O 14. a4 Rad8 15. a5
Qb8 16. Qa4 Rfe8 17. Rfd1 Nf8 18. Nh4 Rd4 19. Qa1 Be6 20. Be3 Rxh4 21. gxh4 Ng4
22. Ne4 b6 23. axb6 axb6 24. Bd2 f5 25. h3 fxe4 26. hxg4 exd3 27. exd3 Bxg4 28.
Re1 Nd7 29. Bc6 Rf8 30. Bxd7 Bxd7 31. Qxe5 Qxe5 32. Rxe5 Bxh4 33. Be3 Bxb5 34.
Rd5 Rf6 35. Rb1 Rg6+ 36. Kf1 Ba6 37. Rd7 Bc8 38. Rc7 Bh3+ 39. Ke2 Bg4+ 40. Kd2
Bf3 41. Rc8+ Kh7 42. Rb8 Rg2 43. R8xb6 Bd8 44. R6b5 h5 45. Rxc5 h4 46. Rb8 Be7
47. Rcc8 Bg4 48. Rh8+ Kg6 49. Rb6+ Kf5 50. Rb5+ Kg6 51. Rb6+ Kf5 52. Rb5+ Kg6
53. Rb6+ 1/2-1/2

[Event "2. CLANSKA LIGA ZAHOD 2014"]
[Site "Ljubljana"]
[Date "2014.11.08"]
[Round "7.4"]
[White "Lesjak, Damjan"]
[Black "Kljun, Anton"]
[Result "1-0"]
[WhiteElo "1815"]
[BlackElo "1807"]
[PlyCount "113"]
[EventDate "2014.11.08"]
[WhiteTeam "SK VISNJA GORA - STICNA"]
[BlackTeam "SK LOSKA DOLINA"]

1. d4 c5 2. e3 e6 3. c4 Nf6 4. Nc3 Be7 5. Nf3 O-O 6. Be2 b6 7. O-O Bb7 8. d5 d6
9. e4 e5 10. Ne1 Ne8 11. f4 exf4 12. Bxf4 Bf6 13. Bg4 Nd7 14. Nd3 Ne5 15. Nxe5
dxe5 16. Bg3 Nd6 17. b3 a6 18. a4 g6 19. Ra2 Bg7 20. Raf2 Bc8 21. Bxc8 Qxc8 22.
Bh4 f5 23. Be7 Qd7 24. Bxd6 Qxd6 25. exf5 e4 26. Nxe4 Qe5 27. f6 Bh6 28. Qd3
Qd4 29. Qxd4 cxd4 30. Rf3 Be3+ 31. Kh1 Rad8 32. h4 h6 33. Nf2 Rde8 34. Ng4 Re4
35. Nxe3 dxe3 36. Re1 Rxh4+ 37. Kg1 Re4 38. Rexe3 Rxe3 39. Rxe3 Rxf6 40. Re7
Kf8 41. Rc7 Rd6 42. b4 b5 43. axb5 axb5 44. c5 Rxd5 45. Rb7 g5 46. Rxb5 Ke7 47.
Rb6 h5 48. c6 h4 49. b5 g4 50. Rb7+ Kd8 51. b6 Kc8 52. Rg7 Rd1+ 53. Kf2 g3+ 54.
Ke2 Rd6 55. Rg8+ Rd8 56. Rxd8+ Kxd8 57. Kf3 1-0

[Event "2. CLANSKA LIGA ZAHOD 2014"]
[Site "Ljubljana"]
[Date "2014.11.08"]
[Round "7.5"]
[White "Stanic, Vitko"]
[Black "Marek, Ivan"]
[Result "1-0"]
[WhiteElo "1794"]
[BlackElo "1822"]
[PlyCount "111"]
[EventDate "2014.11.08"]
[WhiteTeam "SK LOSKA DOLINA"]
[BlackTeam "SK VISNJA GORA - STICNA"]

1. d4 Nf6 2. Nf3 d5 3. g3 c5 4. Bg2 Nc6 5. c3 e6 6. O-O h6 7. Nbd2 Qc7 8. Nb3
b6 9. Re1 c4 10. Nbd2 Bb7 11. e4 dxe4 12. Nxe4 Nxe4 13. Rxe4 Nb4 14. Re3 Nd3
15. Ne1 Bxg2 16. Nxg2 Rd8 17. Qg4 g6 18. Re2 Bg7 19. h4 O-O 20. Nf4 Nxc1 21.
Rxc1 e5 22. dxe5 Bxe5 23. Ng2 Bg7 24. Rce1 Rd7 25. h5 g5 26. Ne3 b5 27. Nf5
Rfd8 28. Re8+ Kh7 29. Qe4 Rxe8 30. Qxe8 a5 31. Qe4 Qb7 32. Qc2 Qd5 33. Nd4+ Kg8
34. Re8+ Bf8 35. Qe2 b4 36. Re5 Qd6 37. Rxa5 bxc3 38. bxc3 Qb6 39. Rb5 Qc7 40.
Re5 Re7 41. Rxe7 Qxe7 42. Qxc4 Qe1+ 43. Kg2 Qe4+ 44. Kh2 Qg4 45. Qe2 Qd7 46.
Qf3 Bc5 47. Qe4 Bxd4 48. Qxd4 Qf5 49. a4 g4 50. Qe3 Qxh5+ 51. Kg1 Qg6 52. a5
Qb1+ 53. Kh2 Qf1 54. Qd4 h5 55. c4 f5 56. a6 1-0

[Event "2. CLANSKA LIGA ZAHOD 2014"]
[Site "Ljubljana"]
[Date "2014.11.08"]
[Round "7.6"]
[White "Sotirov, Slavko"]
[Black "Bavec, Vinko"]
[Result "1-0"]
[WhiteElo "1578"]
[BlackElo "1644"]
[PlyCount "123"]
[EventDate "2014.11.08"]
[WhiteTeam "SK VISNJA GORA - STICNA"]
[BlackTeam "SK LOSKA DOLINA"]

1. e4 c5 2. Bc4 e6 3. Nc3 a6 4. a3 Nc6 5. Nf3 h6 6. d4 cxd4 7. Nxd4 Nf6 8. Nxc6
bxc6 9. Bd3 e5 10. O-O Be7 11. f4 Bc5+ 12. Kh1 Bd4 13. Ne2 O-O 14. c3 Bb6 15.
fxe5 Ng4 16. Bf4 Nf2+ 17. Rxf2 Bxf2 18. Nd4 Bxd4 19. cxd4 Qh4 20. Bg3 Qg5 21.
Qe2 a5 22. Rf1 Bb7 23. Bf4 Qg6 24. h4 Qe6 25. Bc4 Qe7 26. Qg4 Kh7 27. d5 cxd5
28. exd5 Ba6 29. d6 Qe8 30. Bxa6 Rxa6 31. Rc1 Qe6 32. Qe2 Raa8 33. Rc7 Rfd8 34.
Kh2 a4 35. Rc4 Rdc8 36. Qc2+ Qg6 37. Rxc8 Rxc8 38. Qxc8 Qg4 39. Qc2+ g6 40. g3
Kg7 41. Qd2 h5 42. Bg5 Qf5 43. Bf4 Qe4 44. Be3 Kh7 45. Bd4 Qg4 46. Qf4 Qe2+ 47.
Qf2 Qc4 48. Bc3 Kg8 49. Qf3 Qb3 50. Qd3 Kh7 51. Kg2 Qb7+ 52. Qf3 Qb3 53. Qd3
Qb7+ 54. Kf2 Qb3 55. Ke3 Qe6 56. Qe4 Qb3 57. Qd4 Kg8 58. e6 Qxe6+ 59. Kd2 f6
60. Qxf6 Qd5+ 61. Ke3 Qc5+ 62. Qd4 1-0

[Event "2. CLANSKA LIGA ZAHOD 2014"]
[Site "Ljubljana"]
[Date "2014.11.08"]
[Round "7.1"]
[White "Plenca, Julijan"]
[Black "Solmajer, Luka"]
[Result "1-0"]
[WhiteElo "2369"]
[BlackElo "2080"]
[PlyCount "83"]
[EventDate "2014.11.08"]
[WhiteTeam "SD STARI TRG OB KOLPI"]
[BlackTeam "SD KC LJUBLJANA"]

1. e4 c5 2. Nf3 Nc6 3. d4 cxd4 4. Nxd4 g6 5. c4 Bg7 6. Nc2 Nf6 7. Nc3 O-O 8.
Be2 d6 9. O-O Bd7 10. Bd2 a6 11. Kh1 Rc8 12. f3 Be6 13. Rc1 Nd7 14. Qe1 f5 15.
exf5 Bxf5 16. Ne3 Nc5 17. Nxf5 gxf5 18. Bg5 Qe8 19. f4 h6 20. Bh4 e5 21. Nd5
Kh8 22. b4 Ne4 23. fxe5 dxe5 24. Bd3 Nd4 25. Bxe4 fxe4 26. Rxf8+ Qxf8 27. Ne7
Rc6 28. Nxc6 bxc6 29. Qxe4 Qxb4 30. h3 Qf8 31. Kg1 Qf4 32. Qxf4 exf4 33. Rb1
Ne2+ 34. Kf1 Nc3 35. Rb8+ Kh7 36. Be1 Nxa2 37. Rb3 Nc1 38. Ra3 c5 39. Bd2 Bb2
40. Bxc1 Bxc1 41. Rxa6 Be3 42. Ke2 1-0

[Event "2. CLANSKA LIGA ZAHOD 2014"]
[Site "Ljubljana"]
[Date "2014.11.08"]
[Round "7.2"]
[White "Persl, Bojan"]
[Black "Juranic, Bruno"]
[Result "1/2-1/2"]
[WhiteElo "2083"]
[BlackElo "2170"]
[PlyCount "31"]
[EventDate "2014.11.08"]
[WhiteTeam "SD KC LJUBLJANA"]
[BlackTeam "SD STARI TRG OB KOLPI"]

1. e4 c5 2. Nf3 a6 3. d4 cxd4 4. Nxd4 Nf6 5. Nc3 e5 6. Nf3 Bb4 7. Qd3 Qc7 8.
Bd2 d6 9. a3 Bxc3 10. Bxc3 Nbd7 11. Qe3 Nc5 12. Bd3 O-O 13. Bb4 b6 14. O-O Bb7
15. Bxc5 dxc5 16. c3 1/2-1/2

[Event "2. CLANSKA LIGA ZAHOD 2014"]
[Site "Ljubljana"]
[Date "2014.11.08"]
[Round "7.3"]
[White "Baric, Dusan"]
[Black "Kodela, Marko"]
[Result "1/2-1/2"]
[WhiteElo "2058"]
[BlackElo "1976"]
[PlyCount "96"]
[EventDate "2014.11.08"]
[WhiteTeam "SD STARI TRG OB KOLPI"]
[BlackTeam "SD KC LJUBLJANA"]

1. e4 c5 2. Nf3 e6 3. c3 d5 4. exd5 exd5 5. d4 Nc6 6. Be2 Bd6 7. O-O Nge7 8.
dxc5 Bxc5 9. Nbd2 O-O 10. Nb3 Bb6 11. Bg5 Qd6 12. Qd2 Bc7 13. Rad1 Be6 14. g3
Ng6 15. Nfd4 a6 16. Bf3 h6 17. Be3 Nce5 18. Bg2 Nc4 19. Qc1 Rad8 20. Rfe1 Nxe3
21. Rxe3 Ne5 22. Rde1 Nc4 23. Rxe6 fxe6 24. Nxe6 Bb6 25. Nbd4 Ne5 26. Nxd8 Nd3
27. Nxb7 Qd7 28. Qe3 Nxe1 29. Qxe1 Re8 30. Qd2 Qxb7 31. Nf5 Qc7 32. Qxd5+ Kh8
33. Be4 Qa7 34. Nd4 Qe7 35. Bd3 Rf8 36. Be4 Re8 37. f3 Qf6 38. Kg2 Rd8 39. Qc4
Bxd4 40. cxd4 Rxd4 41. Qc8+ Rd8 42. Qc2 Qd4 43. Kh3 Qe5 44. Kg2 Rb8 45. b3 a5
46. Qc6 Qf6 47. Qxf6 gxf6 48. Kf2 Rc8 1/2-1/2

[Event "2. CLANSKA LIGA ZAHOD 2014"]
[Site "Ljubljana"]
[Date "2014.11.08"]
[Round "7.4"]
[White "Sivcevic, Nusret"]
[Black "Kobe, Uros"]
[Result "1-0"]
[WhiteElo "1843"]
[BlackElo "2119"]
[PlyCount "109"]
[EventDate "2014.11.08"]
[WhiteTeam "SD KC LJUBLJANA"]
[BlackTeam "SD STARI TRG OB KOLPI"]

1. f4 d5 2. Nf3 c5 3. g3 d4 4. Bg2 Nc6 5. O-O g6 6. b3 Bg7 7. Bb2 e5 8. e3 exf4
9. exf4 Nge7 10. Nh4 h5 11. h3 Be6 12. d3 Bf6 13. Nf3 Nd5 14. Qe2 Qd7 15. h4
O-O-O 16. Nbd2 Rhe8 17. Ne4 Bg4 18. Qf2 Be7 19. Ba3 b6 20. Ne5 Nxe5 21. fxe5
Ne3 22. Rfe1 Qe6 23. Bb2 Qf5 24. Rxe3 Qxf2+ 25. Kxf2 dxe3+ 26. Kxe3 Bf5 27. Kf4
Bf8 28. Bf3 Bxe4 29. Bxe4 Bh6+ 30. Kf3 Re7 31. Re1 Kc7 32. c4 Bg7 33. Bd5 Rde8
34. Kf4 Bh6+ 35. Kf3 f6 36. e6 Rf8 37. a3 g5 38. Re4 Kd8 39. Re2 Bg7 40. Bc1
Bh6 41. Kg2 Rg8 42. Rf2 gxh4 43. Bxh6 Rxg3+ 44. Kh2 Rg6 45. Bf8 Ke8 46. Bxe7
Kxe7 47. Rf3 Rg5 48. b4 Re5 49. Kh3 Re1 50. Kxh4 Rh1+ 51. Rh3 Ra1 52. Kxh5 Rxa3
53. bxc5 bxc5 54. Kg6 Ra1 55. Rh7+ 1-0

[Event "2. CLANSKA LIGA ZAHOD 2014"]
[Site "Ljubljana"]
[Date "2014.11.08"]
[Round "7.5"]
[White "Bedic, Slavko"]
[Black "Pajnhart, Tadej"]
[Result "1-0"]
[WhiteElo "1943"]
[BlackElo "1734"]
[PlyCount "87"]
[EventDate "2014.11.08"]
[WhiteTeam "SD STARI TRG OB KOLPI"]
[BlackTeam "SD KC LJUBLJANA"]

1. c4 g6 2. g3 Bg7 3. Bg2 Nc6 4. Nf3 e5 5. Nc3 Nge7 6. d3 d6 7. O-O Nf5 8. Rb1
h5 9. h4 Nfd4 10. Ng5 f6 11. Nge4 a5 12. Nd5 O-O 13. e3 Ne6 14. f4 f5 15. Ng5
Nxg5 16. hxg5 Nb4 17. Nc3 c5 18. a3 Na6 19. Nd5 Be6 20. Qb3 Ra7 21. Nb6 Nb8 22.
Bd2 Nd7 23. Na4 exf4 24. gxf4 Qc7 25. Nc3 Bxc3 26. Qxc3 b6 27. b3 Nb8 28. Bc1
Qg7 29. Qd2 Na6 30. Bb2 Qh7 31. Rbe1 Nc7 32. e4 Rb8 33. a4 Re8 34. Qc3 Bd7 35.
e5 dxe5 36. Rxe5 Rxe5 37. Qxe5 Be6 38. Re1 Kf8 39. Qd6+ Qe7 40. Qxb6 Ra6 41.
Qb8+ Ne8 42. Qe5 Ng7 43. Bd5 Kf7 44. Qxg7+ 1-0

[Event "2. CLANSKA LIGA ZAHOD 2014"]
[Site "Ljubljana"]
[Date "2014.11.08"]
[Round "7.6"]
[White "Hribar, Andrej"]
[Black "Danculovic, Jovica"]
[Result "1/2-1/2"]
[WhiteElo "1690"]
[BlackElo "1966"]
[PlyCount "179"]
[EventDate "2014.11.08"]
[WhiteTeam "SD KC LJUBLJANA"]
[BlackTeam "SD STARI TRG OB KOLPI"]

1. d4 d5 2. c4 c6 3. Nc3 Nf6 4. e3 e6 5. Bd3 Nbd7 6. f4 c5 7. Nf3 a6 8. a4 Qc7
9. cxd5 exd5 10. O-O Bd6 11. Ne5 O-O 12. Qf3 cxd4 13. exd4 Qb6 14. Ne2 Bxe5 15.
fxe5 Nxe5 16. Qg3 Nxd3 17. Qxd3 Ne4 18. b3 Be6 19. Ba3 Rfc8 20. Bb2 Rc6 21. Ng3
Nxg3 22. Qxg3 Rac8 23. Qd3 Rc2 24. Rf2 Qc7 25. Raf1 g6 26. Qf3 Qd8 27. Qg3 Qc7
28. Qf3 Qe7 29. Qg3 h5 30. Qe3 Qd8 31. h3 Rxf2 32. Rxf2 Bf5 33. Qf4 Qe7 34. Qf3
Qe1+ 35. Kh2 Qe4 36. Qg3 Kg7 37. Qg5 f6 38. Qg3 h4 39. Qd6 g5 40. a5 Rc2 41.
Rxc2 Qxc2 42. Ba3 Qc8 43. Qxd5 Be6 44. Qd6 Bxb3 45. Qe7+ Kg6 46. Bc5 Bd5 47.
Qe3 g4 48. Qd3+ Qf5 49. Qxf5+ Kxf5 50. hxg4+ Kxg4 51. Bd6 f5 52. g3 hxg3+ 53.
Bxg3 f4 54. Bf2 Kf3 55. Kg1 Bc4 56. Bh4 Ke3 57. Bf2+ Ke2 58. Bh4 Bd5 59. Bf2
Kd3 60. Kf1 Kc4 61. Ke2 Kb5 62. Be1 b6 63. axb6 Kxb6 64. Kd3 Kb5 65. Kc3 f3 66.
Bf2 a5 67. Be3 a4 68. Kb2 Kc4 69. Ka3 Bc6 70. Bg1 Bb5 71. Bf2 Kc3 72. d5 Kc4
73. d6 Kd5 74. Bg3 Bd7 75. Bf2 Ke4 76. Bc5 Kd5 77. Bf2 Kc4 78. Bg1 Kd3 79. Bf2
Ke2 80. Bc5 f2 81. Bxf2 Kxf2 82. Ka2 Ke2 83. Kb2 Kd3 84. Ka1 Kc3 85. Ka2 Kc2
86. Ka1 Kb3 87. Kb1 Ka3 88. Ka1 Kb4 89. Kb1 Bf5+ 90. Ka2 1/2-1/2

[Event "2. CLANSKA LIGA ZAHOD 2014"]
[Site "Ljubljana"]
[Date "2014.11.08"]
[Round "7.1"]
[White "Bajzelj, Primoz"]
[Black "Lucovnik, Tilen"]
[Result "1/2-1/2"]
[WhiteElo "2049"]
[BlackElo "1992"]
[PlyCount "46"]
[EventDate "2014.11.08"]
[WhiteTeam "SD  RADOVLJICA"]
[BlackTeam "SK KOMENDA"]

1. d4 d5 2. Nf3 Nf6 3. c4 dxc4 4. e3 e6 5. Bxc4 c5 6. O-O a6 7. a4 Nc6 8. Nc3
cxd4 9. exd4 Be7 10. d5 exd5 11. Nxd5 Nxd5 12. Bxd5 O-O 13. Bxc6 bxc6 14. Qc2
Qc7 15. Ng5 Bxg5 16. Bxg5 Be6 17. b4 Bd5 18. Be3 Qe5 19. Bc5 Rfe8 20. Ra3 Qe4
21. Qxe4 Rxe4 22. a5 Rae8 23. Re3 Rxe3 1/2-1/2

[Event "2. CLANSKA LIGA ZAHOD 2014"]
[Site "Ljubljana"]
[Date "2014.11.08"]
[Round "7.2"]
[White "Kralj, Samo"]
[Black "Anakiev, Dimitar"]
[Result "0-1"]
[WhiteElo "1987"]
[BlackElo "2042"]
[PlyCount "51"]
[EventDate "2014.11.08"]
[WhiteTeam "SK KOMENDA"]
[BlackTeam "SD  RADOVLJICA"]

1. e4 b6 2. d4 Bb7 3. Nc3 e6 4. Bd3 Bb4 5. Nf3 Nf6 6. Qe2 d5 7. e5 Ne4 8. Bd2
Nxd2 9. Qxd2 c6 10. O-O Ba6 11. a3 Be7 12. h3 Bxd3 13. Qxd3 O-O 14. Nh2 c5 15.
Ne2 Nc6 16. c3 c4 17. Qg3 b5 18. f4 a5 19. f5 exf5 20. Rxf5 f6 21. Nf4 Qd7 22.
e6 Qd6 23. Rxd5 Qb8 24. Ng4 Bd6 25. Nh6+ Kh8 26. Nf5 0-1

[Event "2. CLANSKA LIGA ZAHOD 2014"]
[Site "Ljubljana"]
[Date "2014.11.08"]
[Round "7.3"]
[White "Buha, Drago"]
[Black "Leonardi, Caterina"]
[Result "0-1"]
[WhiteElo "2008"]
[BlackElo "1984"]
[PlyCount "66"]
[EventDate "2014.11.08"]
[WhiteTeam "SD  RADOVLJICA"]
[BlackTeam "SK KOMENDA"]

1. d4 d5 2. Bf4 Nf6 3. e3 g6 4. Nf3 Bg7 5. Bd3 O-O 6. O-O b6 7. Nc3 Bb7 8. Nb5
Na6 9. c3 c5 10. Rc1 c4 11. Bb1 Bc6 12. Na3 Nd7 13. b4 Nc7 14. Nd2 b5 15. e4 e5
16. dxe5 Nxe5 17. Nf3 Re8 18. Nd4 Qd7 19. f3 Rad8 20. Nxc6 Qxc6 21. Bxe5 Bxe5
22. Qe2 Qa6 23. Nc2 Bxc3 24. Qf2 d4 25. Qg3 Qb6 26. Qf2 d3 27. Qxb6 axb6 28.
Ne3 Bd4 29. Kf2 f5 30. g3 fxe4 31. Rce1 Nd5 32. f4 d2 33. Re2 Nxe3 0-1

[Event "2. CLANSKA LIGA ZAHOD 2014"]
[Site "Ljubljana"]
[Date "2014.11.08"]
[Round "7.4"]
[White "Kobold, Andrej"]
[Black "Kocevar, Tugomir"]
[Result "1-0"]
[WhiteElo "1923"]
[BlackElo "2006"]
[PlyCount "115"]
[EventDate "2014.11.08"]
[WhiteTeam "SK KOMENDA"]
[BlackTeam "SD  RADOVLJICA"]

1. e4 d5 2. exd5 Qxd5 3. Nc3 Qa5 4. d4 e5 5. Nf3 Bg4 6. dxe5 Bb4 7. Bd2 Nc6 8.
a3 Nd4 9. Be2 Bxf3 10. gxf3 O-O-O 11. Kf1 Bxc3 12. Bxc3 Qxe5 13. Qd3 Qxe2+ 14.
Qxe2 Nxe2 15. Kxe2 f6 16. Rhg1 Rd7 17. Rad1 Re7+ 18. Kf1 Rf7 19. Rg4 Ne7 20.
Re4 Rd8 21. Rde1 Nf5 22. h4 b6 23. h5 h6 24. Ra4 Kb7 25. Rf4 Rd5 26. Re2 a5 27.
Ke1 Re7 28. Rxe7 Nxe7 29. Rg4 Nf5 30. b3 c5 31. Ke2 Kc6 32. Bb2 Rd7 33. Re4 b5
34. c4 b4 35. a4 Kd6 36. Re8 Re7+ 37. Rxe7 Kxe7 38. Kd3 Ke6 39. Ke4 Nd6+ 40.
Kf4 Kf7 41. Bc1 g5+ 42. hxg6+ Kxg6 43. Be3 Nxc4 44. bxc4 b3 45. Bc1 h5 46. Bb2
f5 47. Kg3 Kg5 48. Bc1+ Kf6 49. Kh4 Ke5 50. Bb2+ Kf4 51. Kxh5 Kxf3 52. Kg5 Kxf2
53. Kxf5 Ke3 54. Ke5 Kd3 55. Kd5 Kc2 56. Be5 b2 57. Bxb2 Kxb2 58. Kxc5 1-0

[Event "2. CLANSKA LIGA ZAHOD 2014"]
[Site "Ljubljana"]
[Date "2014.11.08"]
[Round "7.5"]
[White "Torkar, Boris"]
[Black "Markosek, Maj"]
[Result "1-0"]
[WhiteElo "1876"]
[BlackElo "1728"]
[PlyCount "121"]
[EventDate "2014.11.08"]
[WhiteTeam "SD  RADOVLJICA"]
[BlackTeam "SK KOMENDA"]

1. d4 Nf6 2. c4 e6 3. Nc3 Bb4 4. Bd2 b6 5. Nf3 Bb7 6. e3 O-O 7. Bd3 Bxc3 8.
Bxc3 Ne4 9. Rc1 f5 10. O-O d6 11. b3 Nd7 12. Bb2 a5 13. a3 c5 14. Be2 Qe7 15.
Qc2 h6 16. Rfd1 Rae8 17. Ra1 Rc8 18. b4 g5 19. dxc5 bxc5 20. Nd2 g4 21. Bxg4
Nxd2 22. Rxd2 Qg5 23. Bh3 Be4 24. f4 Qe7 25. Qd1 d5 26. Qh5 Kh7 27. cxd5 Bxd5
28. Rxd5 exd5 29. Bxf5+ Rxf5 30. Qxf5+ Kg8 31. Qxd5+ Kf8 32. Qf5+ Ke8 33. Qg6+
Kd8 34. Qd3 cxb4 35. axb4 axb4 36. Rd1 Rc7 37. Be5 Rc6 38. Qb5 Qe6 39. Qxb4 Ke8
40. Qd4 Nxe5 41. Qxe5 Qxe5 42. fxe5 Rc5 43. Kf2 Rxe5 44. g3 Ke7 45. Rd4 Kf6 46.
h4 Kg6 47. e4 h5 48. Kf3 Ra5 49. Rd6+ Kg7 50. Rd5 Ra3+ 51. Kf4 Kg6 52. Rg5+ Kh6
53. e5 Ra5 54. Kf5 Rb5 55. Kf6 Ra5 56. e6 Rxg5 57. hxg5+ Kh7 58. Kf7 h4 59.
gxh4 Kh8 60. e7 Kh7 61. Ke6 1-0

[Event "2. CLANSKA LIGA ZAHOD 2014"]
[Site "Ljubljana"]
[Date "2014.11.08"]
[Round "7.6"]
[White "Unuk, Jan"]
[Black "Pretnar, Bostjan"]
[Result "1/2-1/2"]
[WhiteElo "1566"]
[BlackElo "1727"]
[PlyCount "44"]
[EventDate "2014.11.08"]
[WhiteTeam "SK KOMENDA"]
[BlackTeam "SD  RADOVLJICA"]

1. d4 Nf6 2. c4 e5 3. dxe5 Ng4 4. e3 Nxe5 5. Nh3 g6 6. Nc3 Bg7 7. Be2 O-O 8.
O-O d6 9. Nf4 Be6 10. Qb3 Na6 11. Ncd5 Nc5 12. Qc2 Bf5 13. Qd1 a5 14. a4 Be6
15. Bd2 Ne4 16. Nxe6 fxe6 17. Nf4 Qe7 18. f3 Nxd2 19. Qxd2 Nc6 20. Rac1 Nb4 21.
Nd3 Nxd3 22. Qxd3 b6 1/2-1/2

[Event "2. CLANSKA LIGA ZAHOD 2014"]
[Site "Ljubljana"]
[Date "2014.11.08"]
[Round "7.1"]
[White "Biti, Ozren"]
[Black "Brezovar, Matjaz"]
[Result "1/2-1/2"]
[WhiteElo "2354"]
[BlackElo "2250"]
[PlyCount "85"]
[EventDate "2014.11.08"]
[WhiteTeam "SD POSOCJE"]
[BlackTeam "SK DOLENJSKE TOPLICE"]

1. e4 e6 2. d3 d5 3. Qe2 dxe4 4. dxe4 b6 5. Nd2 Ba6 6. Nc4 Nf6 7. Nf3 Be7 8.
Bg5 Nc6 9. c3 O-O 10. Qc2 Nd7 11. Bf4 Bxc4 12. Bxc4 Bd6 13. Bg5 Be7 14. Be3
Nce5 15. Nxe5 Nxe5 16. Be2 c6 17. O-O a5 18. Rfd1 Qc7 19. Rd2 Rfd8 20. Rad1
Rxd2 21. Rxd2 Rd8 22. Rxd8+ Qxd8 23. Qd2 Qc7 24. g3 b5 25. Bf4 Bd6 26. b4 axb4
27. cxb4 f6 28. Qc3 Qd7 29. Be3 Nf7 30. Qb3 Qe7 31. a3 Kf8 32. Qc3 Qd7 33. f4
e5 34. f5 Nd8 35. Bd1 Bb8 36. Bc5+ Bd6 37. Be3 Bb8 38. Qc5+ Bd6 39. Qc2 Bb8 40.
Bc5+ Bd6 41. Bb6 Bc7 42. Be3 Bb8 43. Bc5+ 1/2-1/2